Nazwy państw w języku Japońskim - Statystyki

Ogólne statystyki
  • Ten quiz został rozwiązany 17 razy
  • Średni wynik to 12 z 15
Statystyki odpowiedzi
Kanji/Katakana Tłumaczenie % Poprawnych
日本 Japonia
100%
中国 Chiny
93%
ポーランド Polska
93%
米国/アメリカ Stany Zjednoczone
93%
韓国 Korea Południowa
87%
ドイツ Niemcy
87%
イタリア Włochy
87%
オーストラリア Australia
80%
ロシア Rosja
80%
シンガポール Singapur
80%
エジプト Egipt
73%
ペルー Peru
73%
スイス Szwajcaria
67%
ボスニア・ヘルツェゴビナ Bośnia i Hercegowina
60%
チェコ Czechy
60%
Nie znaleziono quizów pasujących do podanych kryteriów
Rozkład punktacji
Procent ludzi z każdym wynikiem
Percentyl według liczby udzielonych odpowiedzi
Twoja historia wyników
Nie rozwiązałeś tego quizu